header

Critically modern (Record no. 10909)

MARC details
000 -LEADER
fixed length control field 01486pam a22003374a 4500
082 04 - DEWEY DECIMAL CLASSIFICATION NUMBER
Classification number 303.4
245 00 - TITLE STATEMENT
Title Critically modern
260 ## - PUBLICATION, DISTRIBUTION, ETC. (IMPRINT)
Place of publication Bloomington :
Name of publisher Indiana University Press,
Year of publication c2002.
300 ## - PHYSICAL DESCRIPTION
Number of Pages ix, 329 p. :
Other physical details ill.
500 ## - GENERAL NOTE
General note Revisions of papers presented at a special session held at the 2000 meeting of the American Anthropological Association in San Francisco.
650 #0 - SUBJECT ADDED ENTRY--TOPICAL TERM
Topical Term Social change
Topical Term Civilization, Modern
Topical Term Acculturation
700 1# - ADDED ENTRY--PERSONAL NAME
Personal name Knauft, Bruce M.
856 40 - ELECTRONIC LOCATION AND ACCESS
Uniform Resource Identifier http://site.ebrary.com/lib/rucke/Doc?id=10016673

No items available.

© 2026 Rongo University
Contact us: librarian | system librarian | Rongo university